| 000 | 00530nam a2200193Ia 4500 | ||
|---|---|---|---|
| 003 | IN-BaIIA | ||
| 008 | 211028s9999 xx 000 0 eng d | ||
| 020 | _a978-1-78326-482-7 | ||
| 040 | _cIIA Library | ||
| 080 |
_a524.882 _bRAI |
||
| 100 |
_aRaine, Derek _925962 |
||
| 245 | 0 |
_aBlack holes _ba student text _cDerek Raine and Edwin Thomas |
|
| 250 | _a3rd ed. | ||
| 260 |
_aLondon _bImperial College Press _c2015 |
||
| 300 | _axv, 282p. | ||
| 650 | _aBlack holes (Astronomy) | ||
| 700 |
_aThomas, Edwin _929980 |
||
| 942 | _cBK | ||
| 999 |
_c18977 _d18977 |
||